Controle externo : (Record no. 864)

MARC details
000 -LÍDER
Campo Fixo de Controle 00716nam a2200229 a 4500
001 - NÚMERO DE CONTROLE
Campo de Controle 864
003 - IDENTIFICAÇÃO DO NÚMERO DE CONTROLE
Campo de Controle BR-CuiBMT
005 - DATA E HORA DA ÚLTIMA ATUALIZAÇÃO
Campo de Controle 20231128003501.0
008 - DADOS FIXOS
Dados Fixos 231121b2006 mgb 000 0 por d
020 ## - INTERNATIONAL STANDARD BOOK NUMBER
Nº do ISBN 8577000133
040 ## - AGÊNCIA CATALOGADORA
Código da Agência Catalogadora BR-CuiBMT
Agência que transcreveu o registro BR-CuiBMT
080 ## - Nº DA CLASSIFICAÇÃO DECIMAL UNIVERSAL
Nº edição CDU 2007
Nº Class. CDU 35.078.3
090 ## - NÚMERO DE CHAMADA
Nº classificação 35.078.3
Cutter A282c
100 1# - ENTRADA PRINCIPAL -- AUTOR PESSOAL
Nome pessoal Aguiar, Ubiratan,
Datas associadas ao nome 1941-
245 10 - TÍTULO PRINCIPAL
Título principal Controle externo :
Subtítulo anotações à jurisprudência do Tribunal de Contas da União : temas polêmicos /
Indicação de responsabilidade Ubiratan Aguiar.
260 ## - PUBLICAÇÃO, DISTRIBUIÇÃO, ETC.
Local de publicação Belo Horizonte :
Editora Fórum,
Data 2006.
300 ## - DESCRIÇÃO FÍSICA
N. páginas ou volumes 294 p. ;
Dimensões 22 cm
650 ## - ASSUNTO TÓPICO
Cabeçalho tópico ou nome geográfico Controle externo
Subdivisão geográfica Brasil
650 ## - ASSUNTO TÓPICO
Cabeçalho tópico ou nome geográfico Tribunais de contas
Subdivisão geográfica Brasil
650 ## - ASSUNTO TÓPICO
Cabeçalho tópico ou nome geográfico Administração pública
Subdivisão geográfica Brasil
942 ## - ELEMENTOS DE ENTRADA ADICIONAIS (KOHA)
Fonte de classificação ou esquema de arquivamento Classificação Decimal Universal
Tipo de item do Koha Livros
Holdings
Estado: removido Estado: perdido Fonte de classificação ou esquema de arquivamento Estado: danificado Indisponível para empréstimo Localização permanente Localização atual Data de aquisição Total Checkouts Número de Chamada completo Código de barras Date last seen Número do exemplar Preço efetivo a partir de Tipo de item (Koha)
    Classificação Decimal Universal     Biblioteca da Escola Superior de Contas do TCE/MT Biblioteca da Escola Superior de Contas do TCE/MT 21/11/2023   35.078.3 A282c BIBTCEMT23110807 21/11/2023 Ex. 1 21/11/2023 Livros
    Classificação Decimal Universal     Biblioteca da Escola Superior de Contas do TCE/MT Biblioteca da Escola Superior de Contas do TCE/MT 23/09/2008   35.078.3 A282c BIBTCEMT23110882 22/11/2023 Ex. 2 22/11/2023 Livros
    Classificação Decimal Universal     Biblioteca da Escola Superior de Contas do TCE/MT Biblioteca da Escola Superior de Contas do TCE/MT 15/10/2018   35.078.3 A282c BIBTCEMT23110883 22/11/2023 Ex. 3 22/11/2023 Livros
    Classificação Decimal Universal     Biblioteca da Escola Superior de Contas do TCE/MT Biblioteca da Escola Superior de Contas do TCE/MT 02/04/2013   35.078.3 A282c BIBTCEMT23110884 22/11/2023 Ex. 4 22/11/2023 Livros
    Classificação Decimal Universal     Biblioteca da Escola Superior de Contas do TCE/MT Biblioteca da Escola Superior de Contas do TCE/MT 02/04/2013   35.078.3 A282c BIBTCEMT23110885 22/11/2023 Ex. 5 22/11/2023 Livros

Powered by Koha